| 000 | 00880cam a2200217 4500 | ||
|---|---|---|---|
| 001 | WB3711-40 | ||
| 008 | 000000n2001 000 0 eng u | ||
| 035 | _a(Sirsi) u111391 | ||
| 245 | _a£356m tax credit scheme may end | ||
| 260 | _c2001 | ||
| 490 |
_aDaily Telegraph _v9 March 2001, 4(1) |
||
| 520 | _aAccording to the Budget statement, the landfill tax credit scheme may be abolished in favour of public spending to fund new waste recycling targets. Environmental groups, parish councils and wildlife trusts who have benefited from landfill tax projects expressed disappointment at the government's proposal. | ||
| 590 | _aWB | ||
| 650 | _aBUDGET 2001 | ||
| 650 | _aLANDFILL TAX CREDIT SCHEME | ||
| 650 | _aENVIRONMENTAL PROJECTS | ||
| 650 | _aWASTE RECYCLING | ||
| 650 | _aTARGETS | ||
| 690 | _aENVIRONMENTAL AND LAND CONSULTANCY-WASTE MANAGEMENT | ||
| 942 | _n0 | ||
| 999 |
_c66366 _d66366 |
||